• 首页
  • 本馆介绍
  • 公告通知
  • 最新文献
  • 馆藏检索
  • 电子资源
  • 读者导购
  • 参考咨询
  • 我的图书馆
  • 登录
  • 详细信息显示
  • 放入我的书架
  • 预约/预借图书
  • 作者相关作品
  • 分类相关作品
  • 丛书相关作品
  • 出版社相关作品

书目信息

  • 表格格式
  • 工作单格式
  • 卡片格式
题名:
资本内在否定性
    
 
作者: 沈斐 著
分册:  
出版信息: 天津   天津人民出版社  2016
页数: 236页
开本: 24cm
丛书名: 今日马克思主义研究丛书
单 册:
中图分类: F032.1
科图分类:
主题词: 资本--zi ben--研究
电子资源:
ISBN: 978-7-201-10837-7
000 01116nam0 22002651 450
001 0119165301
005 20170619165301.0
010    @a978-7-201-10837-7@dCNY48.00
100    @a20161226d2016 kemy0chiy50 ea
101 0  @achi
102    @aCN@b120000
105    @ay v 000yy
106    @ar
200 1  @a资本内在否定性@9zi ben nei zai fou ding xing@e新方法与新典型@dThe internal negativity of capital@enew methodology and new moedel@f沈斐著@zeng
210    @a天津@c天津人民出版社@d2016
215    @a236页@d24cm
225 2  @a今日马克思主义研究丛书@9jin ri ma ke si zhu yi yan jiu cong shu
330    @a本书将美国作为当代资本主义研究的新典型,运用《资本论》的“资本内在否定性”方法理论,沿理论与现实的双重批判路径,既考察美国经济学说的发展及其与资本主义变迁的内在勾连,又探究特定的资本积累结构及其与经济长波之间的联动。
461  0 @12001 @a今日马克思主义研究丛书
510 1  @aInternal negativity of capital@enew methodology and new moedel@zeng
606 0  @a资本@9zi ben@x研究
690    @aF032.1@v5
701  0 @a沈斐@9shen fei@4著
801  0 @aCN@b百万庄@c20170616
905    @b1011393-8@dF032.1@e62@f6
    
    资本内在否定性:新方法与新典型=The internal negativity of capital:new methodology and new moedel/沈斐著.-天津:天津人民出版社,2016
    236页;24cm.-(今日马克思主义研究丛书)
    
    
    ISBN 978-7-201-10837-7:CNY48.00
    本书将美国作为当代资本主义研究的新典型,运用《资本论》的“资本内在否定性”方法理论,沿理论与现实的双重批判路径,既考察美国经济学说的发展及其与资本主义变迁的内在勾连,又探究特定的资本积累结构及其与经济长波之间的联动。
●
相关链接 在E读中查询图书 在五车中查询图书 在当当中查询图书 在豆瓣中查询图书


正题名:资本内在否定性     索取号:F032.1/62         预约/预借

序号 登录号 条形码 馆藏地/架位号 状态 备注
1 1011393   210113937   第一样本阅览室/ [索取号:F032.1/62] 在馆    
2 1011394   210113946   教育系资料室/ [索取号:F032.1/62] 在馆    
3 1011395   210113955   教育系资料室/ [索取号:F032.1/62] 在馆    
4 1011396   210113964   教育系资料室/ [索取号:F032.1/62] 在馆    
5 1011397   210113973   第一借阅区/ [索取号:F032.1/62] 在馆    
6 1011398   210113982   第一借阅区/ [索取号:F032.1/62] 在馆    
唐山师范学院图书馆 欢迎您!
大连网信软件有限公司© 版权所有